Interactions access : (Record no. 344127)
[ view plain ]
| 000 -LEADER | |
|---|---|
| fixed length control field | 01003 a2200229 4500 |
| 020 ## - INTERNATIONAL STANDARD BOOK NUMBER | |
| International Standard Book Number | 0070696039 |
| 020 ## - INTERNATIONAL STANDARD BOOK NUMBER | |
| International Standard Book Number | 9780070696037 |
| 082 04 - DEWEY DECIMAL CLASSIFICATION NUMBER | |
| Classification number | 428.24 |
| 090 ## - LOCALLY ASSIGNED LC-TYPE CALL NUMBER (OCLC); LOCAL CALL NUMBER (RLIN) | |
| -- | 1611 |
| -- | 1611 |
| 100 1# - MAIN ENTRY--PERSONAL NAME | |
| Personal name | Werner, Patricia K. |
| 245 10 - TITLE STATEMENT | |
| Title | Interactions access : |
| Remainder of title | a communicative grammar / |
| Statement of responsibility, etc. | Patricia K. Werner. |
| 250 ## - EDITION STATEMENT | |
| Edition statement | 2nd ed. |
| 260 ## - PUBLICATION, DISTRIBUTION, ETC. | |
| Place of publication, distribution, etc. | [S.l.] : |
| Name of publisher, distributor, etc. | McGraw-Hill Companies, |
| Date of publication, distribution, etc. | 1997. |
| 300 ## - PHYSICAL DESCRIPTION | |
| Extent | 320 p. ; |
| Dimensions | 23 cm. |
| 500 ## - GENERAL NOTE | |
| General note | Paperback. |
| 520 ## - SUMMARY, ETC. | |
| Summary, etc. | This text introduces, practices, and applies basic grammatical structures in everyday contexts. The conversational approach helps students use the grammar structures they are studying in real-life communication. Ideal for pre-beginning to beginning ESOL students. |
| 700 1# - ADDED ENTRY--PERSONAL NAME | |
| Personal name | Nelson, John P. |
| 700 1# - ADDED ENTRY--PERSONAL NAME | |
| Personal name | Spaventa, Marilynn. |
| 856 40 - ELECTRONIC LOCATION AND ACCESS | |
| Materials specified | Amazon.com |
| Uniform Resource Identifier | <a href="http://www.amazon.com/exec/obidos/ASIN/0070696039/chopaconline-20">http://www.amazon.com/exec/obidos/ASIN/0070696039/chopaconline-20</a> |
| 856 40 - ELECTRONIC LOCATION AND ACCESS | |
| Materials specified | Amazon customer reviews |
| Uniform Resource Identifier | <a href="http://www.chopac.org/cgi-bin/tools/azrev.pl?q=0070696039">http://www.chopac.org/cgi-bin/tools/azrev.pl?q=0070696039</a> |
| 942 ## - ADDED ENTRY ELEMENTS (KOHA) | |
| Institution code [OBSOLETE] | NBS |
| Koha item type | Book |
| Call number prefix | 428.24 WER |
| Withdrawn status | Lost status | Damaged status | Not for loan | Permanent Location | Current Location | Date acquired | Total Checkouts | Full call number | Barcode | Date last seen | Date last checked out | Price effective from | Koha item type |
|---|---|---|---|---|---|---|---|---|---|---|---|---|---|
| NUST Law School (NLS) | NUST Law School (NLS) | 08/28/2013 | 3 | 428.24 WER | NBS5512 | 12/26/2021 | 12/10/2021 | 08/28/2013 | Book |
